• 首页
  • 本馆介绍
  • 公告通知
  • 最新文献
  • 馆藏检索
  • 电子资源
  • 读者导购
  • 参考咨询
  • 我的图书馆
  • 登录
  • 详细信息显示
  • 放入我的书架
  • 预约/预借图书
  • 作者相关作品
  • 分类相关作品
  • 丛书相关作品
  • 出版社相关作品

书目信息

  • 表格格式
  • 工作单格式
  • 卡片格式
题名:
洛阳伽蓝记校注
    
 
作者: 杨衡之 撰 ;范祥雍 校注
分册:  
出版信息: 上海   上海古籍出版社  1978
页数: 402页
开本: 20cm
丛书名:
单 册:
中图分类: K928.75 , I242
科图分类:
主题词: 寺院--中国--北魏--史料
电子资源:
ISBN:
000 00732nam0 2200277 45
001 0178002685
005 20040414104824.6
010    @dCNY1.45
091    @a10186.19
100    @a19950725d1978 em y0chiy0121 ea
101 0  @achi
102    @aCN@b310000
105    @ay z 000yy
106    @ar
200 10 @a洛阳伽蓝记校注@Aluo yang ga lan ji jiao zhu@f(北魏)杨衡之撰@g范祥雍校注
205    @a新1版
210    @a上海@c上海古籍出版社@d1978
215    @a402页@d20cm
605    @a洛阳枷蓝记@x注释
606    @a寺院@y中国@z北魏@x史料
690    @aK928.75@v3
690    @aI242
701  0 @a杨衡之@Ayang heng zhi@4撰
702  0 @a范祥雍@Afan xiang yong@4校注
801  0 @aCN@bNLC@c20040414
905    @f1@b218565@dI242@e2
    
    洛阳伽蓝记校注/(北魏)杨衡之撰/范祥雍校注.-新1版.-上海:上海古籍出版社,1978
    402页;20cm
    
    
    ISBN :CNY1.45
    
●
相关链接 在E读中查询图书 在五车中查询图书 在当当中查询图书 在豆瓣中查询图书


正题名:洛阳伽蓝记校注     索取号:I242/2         预约/预借

序号 登录号 条形码 馆藏地/架位号 状态 备注
1 0218565   000962952   第二借阅区/ [索取号:I242/2] 在馆    
2 0218566   000183535   第一样本阅览室/ [索取号:I242/2] 在馆    
唐山师范学院图书馆 欢迎您!
大连网信软件有限公司© 版权所有